| 000 -Etiqueta do registo | |
|---|---|
| campo de controlo de comprimento fixo | 007020000a22002290004500 |
| 001 - Identificador do registo | |
| Campo de controlo | 48842 |
| 010 ## - ISBN | |
| Número (ISBN) | 972-699-386-5 |
| 021 ## - Nº depósito legal | |
| Código do país | Portugal |
| Número | 86992 |
| 100 ## - Dados Gerais de Proc. | |
| Dados gerais de processamento | 20100512d2010 k y0pory5003 ba |
| 101 0# - Língua da publicação | |
| Língua do texto, banda sonora, etc. | Português |
| 102 ## - País de Publicação | |
| País de publicação | Portugal |
| 200 1# - Título | |
| Título próprio | Évora uma vez... |
| Informação de outro título | histórias da segunda cidade do reino 1480/1580 |
| Primeira menção de responsabilidade | Francisco Bilou |
| 210 ## - Publicação, Distribuição | |
| Lugar da edição, distribuição, etc. | Lisboa |
| Nome do editor, distribuidor, etc. | Vega |
| Data da publicação, distribuição, etc. | 1995 |
| 215 ## - Descrição física | |
| Descrição física | 44 p. |
| Outras indicações físicas | il. |
| 606 ## - Nome comum | |
| Koha Internal code | 2126 |
| Elemento de entrada | Literatura juvenil |
| Subdivisão de assunto | Conto |
| 675 ## - CDU | |
| Notação | 821.134.3-34 |
| Edição | BN |
| Língua da edição | Português |
| 675 ## - CDU | |
| Notação | 087.5-053.6 |
| Edição | BN |
| Língua da edição | Português |
| 700 #1 - Responsabilidade principal | |
| Koha Internal Code | 10020 |
| Palavra de ordem | Bilou |
| Outra parte do nome | Francisco |
| Datas | 1960- |
| 801 ## - Fonte de origem | |
| País | Portugal |
| Data da última transacção | 20100512 |
| 090 ## - Números de controlo do sistema (Koha) | |
| Número biblioitem do Koha (gerado automaticamente) | 48842 |
| 942 ## - Elementos de entrada adicionados (Koha) | |
| Tipo de item no Koha | Monografias |
| Suprimido | Disponível no OPAC |
| 999 ## - Campo local | |
| Campo local | 48842 |
| Perdido (estado) | Data de aquisição | Origem do registo (biblioteca) (codificado) | Código da organização que empresta ou é detentora (biblioteca) | Código de barras | Cota | Tipo de circulação (não pode ser emprestado) | Tipo de item e material |
|---|---|---|---|---|---|---|---|
| Disponível | 2010-05-12 | Biblioteca EB23 D. Paio Peres Correia | Biblioteca EB23 D. Paio Peres Correia | BEBDPPC2320 | 81.4 BIL | Normal | Monografias |